BIBLIOTECA

SENCICO

Mecánica de suelos aplicada a vías de transportes / (Registro nro. 3787)

Detalles MARC
000 -LEADER
fixed length control field 01213nam a22002657a 4500
003 - CONTROL NUMBER IDENTIFIER
control field PE SENCICO BE
005 - DATE AND TIME OF LATEST TRANSACTION
control field 20251020182625.0
008 - FIXED-LENGTH DATA ELEMENTS--GENERAL INFORMATION
fixed length control field 230123b |||||||| |||| 00| 0 eng d
020 ## - INTERNATIONAL STANDARD BOOK NUMBER
International Standard Book Number 978-612-304-559-3
040 ## - CATALOGING SOURCE
Original cataloging agency PE SENCICO BE
Transcribing agency PE SENCICO BE
041 ## - LANGUAGE CODE
Language code of text/sound track or separate title spa
082 ## - DEWEY DECIMAL CLASSIFICATION NUMBER
Classification number 624.1513
Item number G96
100 1# - MAIN ENTRY--PERSONAL NAME
9 (RLIN) 501
Personal name Gutiérrez Lázares, Wilfredo
245 1# - TITLE STATEMENT
Title Mecánica de suelos aplicada a vías de transportes /
Statement of responsibility, etc. Wilfredo Gutiérrez Lázares
250 ## - EDITION STATEMENT
Edition statement 1a ed.
260 ## - PUBLICATION, DISTRIBUTION, ETC.
Place of publication, distribution, etc. Lima:
Name of publisher, distributor, etc. Macro,
Date of publication, distribution, etc. 2018
300 ## - PHYSICAL DESCRIPTION
Extent [26], 187 p. :
Other physical details diagrs., tabls.,
Dimensions 25 cm.
504 ## - BIBLIOGRAPHY, ETC. NOTE
Bibliography, etc. note Bibliografía: p. 188.
505 3# - FORMATTED CONTENTS NOTE
Formatted contents note Introducción a la mecánica de suelos aplicada a vías de transportes -- Filosofía de diseño y causas de falla -- Parámetros para el diseño de pavimentos -- Diseño de la estructura del pavimento -- Consideraciones para la rehabilitación de pavimentos -- Evaluación superficial -- Evaluación estructural -- Rehabilitación y mantenimiento -- Aspectos medioambientales.
650 14 - SUBJECT ADDED ENTRY--TOPICAL TERM
9 (RLIN) 43
Topical term or geographic name entry element Mecánica de suelos
650 24 - SUBJECT ADDED ENTRY--TOPICAL TERM
9 (RLIN) 145
Topical term or geographic name entry element Pavimentos
650 24 - SUBJECT ADDED ENTRY--TOPICAL TERM
9 (RLIN) 352
Topical term or geographic name entry element Carreteras
General subdivision Diseño y construcción
910 ## - USER-OPTION DATA (OCLC)
-- hfp
-- hfp
942 ## - ADDED ENTRY ELEMENTS (KOHA)
Source of classification or shelving scheme Dewey Decimal Classification
Koha item type Libros
Classification part 624.1513
Item part G96
Existencias
Fecha de la última vez que lo usaron Número de ingreso o de inventario Pago total Signatura topográfica completa Código de barras Precio efectivo desde Tipo de documento Estado perdido Sistema de clasificación Estado dañado No es para préstamo Retirado Ubicación permanente Ubicación actual Fecha de adquisición
23/01/2023 16393   624.1513/G96 BibLima26032671 23/01/2023 Libros   Dewey Decimal Classification       Biblioteca Central Lima Biblioteca Central Lima 23/01/2023
18/03/2026     624.1513/G96 BibZpiur26032669 18/03/2026 Libros   Dewey Decimal Classification       Biblioteca Piura Biblioteca Piura 18/03/2026
18/03/2026     624.1513/G96/ej. 2 BibZpiur26032670 18/03/2026 Libros   Dewey Decimal Classification       Biblioteca Piura Biblioteca Piura 18/03/2026